Formations of fantasy /

Bibliographic Details
Other Authors: Burgin, Victor, Donald, James, 1948-, Kaplan, Cora
Format: Book
Language:English
Published: London ; New York : Methuen, 1986.
Subjects:

MARC

Tag First Indicator Second Indicator Subfields
LEADER 00000cam a2200000 a 4500
001 in00000008324
005 20151002090020.0
008 860821s1986 enka b 00100 eng
010 |a  86021827  
020 |a 0416312209 (pbk.) 
035 |a (OCoLC)14188701 
035 |9 AAA0709AM 
040 |a DLC  |c DLC  |d TXA  |d UtOrBLW 
050 0 0 |a BF175  |b .F635 1986 
082 0 |a 154  |2 19 
245 0 0 |a Formations of fantasy /  |c edited by Victor Burgin, James Donald, and Cora Kaplan. 
264 1 |a London ;  |a New York :  |b Methuen,  |c 1986. 
300 |a 221 pages :  |b illustrations ;  |c 23 cm. 
336 |a text  |b txt  |2 rdacontent 
337 |a unmediated  |b n  |2 rdamedia 
338 |a volume  |b nc  |2 rdacarrier 
504 |a Includes bibliographies and index. 
505 0 |a Fantasy and the origins of sexuality / Jean Laplanche and Jean-Bertrand Pontalis -- Womanliness as a masquerade / Joan Riviere -- Joan Riviere and the masquerade / Stephen Heath -- The impossible referent / Francette Pacteau -- Diderot, Barthes, Vertigo / Victor Burgin -- Poetry, gender, and primal fantasy / John Fletcher -- The thorn birds / Cora Kaplan -- Video replay / Valerie Walkerdine -- Political somatics / Erica Carter and Chris Turner. 
650 0 |a Psychoanalysis. 
650 0 |a Fantasy. 
700 1 |a Burgin, Victor. 
700 1 |a Donald, James,  |d 1948- 
700 1 |a Kaplan, Cora. 
999 |a MARS 
999 f f |s 1a44e8c1-266b-38a3-9021-1b1d59e8b9a7  |i 07274bae-e900-3d36-807f-41741be66bb8  |t 0 
952 f f |p normal  |a Texas A&M University  |b College Station  |c Sterling C. Evans Library  |d Evans: Library Stacks  |t 0  |e BF175 .F635 1986  |h Library of Congress classification  |i unmediated -- volume  |m A14812630973 
998 f f |a BF175 .F635 1986  |t 0  |l Evans: Library Stacks